000 00436nam a2200181Ia 4500
001 20908
005 20260306172840.0
008 260306t2015||||xx |||||||||||||| ||spa||
041 _aESP
082 _a343.8
_bR41
100 _aRengifo Lara, Yannpool
_eAUT
245 0 _aManual de procedimientos tributarios
260 _c2015
300 _a430 páginas :
_c25 cm.
650 _aGEN
654 _aCCO
942 _cLIB
_dJUS
_fJUS
_2ddc
_n
999 _c20908
_d20908